000 01904cam a2200385 i 4500
001 20618936
003 CSPC
005 20250210163140.0
008 180806s2018 nyu 000 0 eng
010 _a 2018954211
020 _a9781338263893
040 _aDLC
_beng
_erda
_cDLC
_dCSPC
042 _apcc
050 0 0 _aPN1997.2
_b.F36248 2018
100 1 _aRowling, J. K.,
_eauthor.
245 1 0 _aFantastic beasts :
_pthe crimes of Grindelwald : the original screenplay /
_cJ.K. Rowling ; illustrations and design by Minalima.
246 3 _aCrimes of Grindelwald
264 1 _aNew York :
_bArthur A. Levine Books,
_c2018.
300 _ax, 287 pages ;
_c22 cm.
336 _atext
_btxt
_2rdacontent
337 _aunmediated
_bn
_2rdamedia
338 _avolume
_bnc
_2rdacarrier
505 0 _aFantastic beasts: the crimes of Grindelwald the original screenplay -- Glossary of film terms -- Cast & Crew -- About the author -- About the book design.
520 _aThis screenplay in book form describes the dialogue and action of the film. After Newt Scamander helps to capture Gellert Grindelwald, the criminal soon escapes custody and begins gathering followers under his ideology of keeping magic for pure-blood wizards only. Albus Dumbledore, Grindelwald's truest friend, has no choice but to resist the charismatic leader and ask Newt to help thwart the plans for (wizarding) world domination.
650 4 _aWizards
_xFiction.
650 4 _aAnimals, Mythical
_xFiction.
650 4 _aMonsters
_xFiction.
650 4 _aMagic
_xFiction
700 1 _aMinalima,
_eillustrator.
730 0 _aFantastic beasts.
_pThe crimes of Grindelwald (Motion picture)
906 _a7
_bcbc
_corignew
_d2
_eepcn
_f20
_gy-gencatlg
942 _2ddc
_cBK
_h791.437
_iR797f
_kFIC
_m2018
_n0
999 _c28801
_d28801